| 000 | 00633nam a2200193Ia 4500 | ||
|---|---|---|---|
| 003 | GCL | ||
| 008 | 140319s9999 xx 000 0 ara d | ||
| 040 |
_aGCL / _cGCL |
||
| 082 | 0 | 4 |
_a840 _bد ر |
| 100 | 1 | _aموليير | |
| 245 | 1 | 0 |
_aالبخيل : _bملهاة / _cموليير |
| 260 |
_aبيروت : _bدار الكتاب اللبنانى ، _c1987 |
||
| 300 |
_a227 ص ؛ _c20 سم |
||
| 490 |
_aروائع المسرح الفرنسى الكلاسيكى _v0 |
||
| 650 | 0 | 4 | _aالادب الفرنسى |
| 650 | 0 | 4 | _aالمسرحية الفرنسية |
| 650 | 0 | 4 | _aالادب الفرنسى المترجم |
| 942 |
_2ddc _cBK |
||
| 999 |
_c54065 _d54065 |
||